Комплексный инжиниринг в нефтегазодобыче: опыт, инновации, развитие (Запись № 11054692)

Подробности
000 -МАРКЕР
контрольное поле 02837nam0a2200361 4500
001 - ИДЕНТИФИКАТОР ЗАПИСИ
контрольное поле RU\NLR\BIBL_A\011934106
005 - ИДЕНТИФИКАТОР ВЕРСИИ
контрольное поле 20190226110605.0
010 ## - МЕЖДУНАРОДНЫЙ СТАНДАРТНЫЙ НОМЕР КНИГИ (ISBN)
Номер (ISBN) 978-5-00122-695-6
Тираж 200
021 ## - НОМЕР ГОСУДАРСТВЕННОЙ РЕГИСТРАЦИИ
Код страны Российская Федерация
Номер КН-П-18-102217
Номер Листа государственной регистраци КН-П-18-7403
035 ## - ДРУГИЕ СИСТЕМНЫЕ НОМЕРА
Идентификатор записи (NLR Aleph) 011934106
035 ## - ДРУГИЕ СИСТЕМНЫЕ НОМЕРА
Идентификатор записи (RuMoRGB)009850707
100 ## - ДАННЫЕ ОБЩЕЙ ОБРАБОТКИ
Данные общей обработки 20190211d2018 k y0rusy50 ca
101 0# - ЯЗЫК РЕСУРСА
Язык текста, звукозаписи и т.д. русский
102 ## - СТРАНА ПУБЛИКАЦИИ ИЛИ ПРОИЗВОДСТВА
Страна публикации Российская Федерация
105 ## - ПОЛЕ КОДИРОВАННЫХ ДАННЫХ: ТЕКСТОВЫЕ МАТЕРИАЛЫ, МОНОГРАФИЧЕСКИЕ
Кодированные данные о монографическом текстовом документе abh|zzzz100zy
200 1# - ЗАГЛАВИЕ И СВЕДЕНИЯ ОБ ОТВЕТСТВЕННОСТИ
Основное заглавие Комплексный инжиниринг в нефтегазодобыче: опыт, инновации, развитие
Сведения, относящиеся к заглавию III Международная научно-практическая конференция, 22-24 августа 2018
-- [сборник докладов и материалов дискуссии, проходившей в рамках Конференции]
Первые сведения об ответственности Гипровостокнефть
Последующие сведения об ответственности [сост.: Е. В. Прончук]
210 ## - ПУБЛИКАЦИЯ, РАСПРОСТРАНЕНИЕ И ДР.
Место издания, распространения и т.д. Москва
Имя издателя, распространителя и т. д. Перо
Дата издания, распространения и т.д. 2018
215 ## - ФИЗИЧЕСКАЯ ХАРАКТЕРИСТИКА
Специфическое обозначение материала и объем 568 с.
Другие сведения о физической характеристике ил., табл., карт., факс.
Размеры 30
606 1# - НАИМЕНОВАНИЕ ТЕМЫ КАК ПРЕДМЕТ
Наименование темы Естественные газы
Формальный подзаголовок Съезды, совещания и т.п
Тематический подзаголовок Добыча
-- Инновационные технологии
Системный номер авторитетной/нормативной записи 2600352
Идентификатор авторитетной/нормативной записи RU\NLR\AUTH\661536910
606 1# - НАИМЕНОВАНИЕ ТЕМЫ КАК ПРЕДМЕТ
Наименование темы Естественные газы
Формальный подзаголовок Съезды, совещания и т.п
Тематический подзаголовок Добыча
-- Информационные технологии
Системный номер авторитетной/нормативной записи 2404013
Идентификатор авторитетной/нормативной записи RU\NLR\AUTH\661432823
606 1# - НАИМЕНОВАНИЕ ТЕМЫ КАК ПРЕДМЕТ
Наименование темы Нефть
Формальный подзаголовок Съезды, совещания и т.п
Тематический подзаголовок Добыча
-- Инновационные технологии
Системный номер авторитетной/нормативной записи 2598706
Идентификатор авторитетной/нормативной записи RU\NLR\AUTH\661535338
606 1# - НАИМЕНОВАНИЕ ТЕМЫ КАК ПРЕДМЕТ
Наименование темы Нефть
Формальный подзаголовок Съезды, совещания и т.п
Тематический подзаголовок Добыча
-- Информационные технологии
Системный номер авторитетной/нормативной записи 2332809
Идентификатор авторитетной/нормативной записи RU\NLR\AUTH\661394885
686 1# - ИНДЕКСЫ ДРУГИХ КЛАССИФИКАЦИЙ
Индекс И36я431(0)
702 #1 - ИМЯ ЛИЦА - ВТОРИЧНАЯ ОТВЕТСТВЕННОСТЬ
Начальный элемент ввода Прончук
Часть имени, кроме начального элемента ввода Е. В.
Код отношения Составитель
711 12 - НАИМЕНОВАНИЕ ОРГАНИЗАЦИИ - АЛЬТЕРНАТИВНАЯ ОТВЕТСТВЕННОСТЬ
Начальный элемент ввода "Комплексный инжиниринг в нефтегазодобыче: опыт, инновации, развитие", международная научно-практическая конференция
Порядковый номер временной организации и / или порядковый номер ее части 3
Место проведения временной организации Самара
Дата проведения временной организации 2018
Системный номер авторитетной/нормативной записи 650795
Идентификатор авторитетной/нормативной записи RU\NLR\AUTH\880495388
711 12 - НАИМЕНОВАНИЕ ОРГАНИЗАЦИИ - АЛЬТЕРНАТИВНАЯ ОТВЕТСТВЕННОСТЬ
Начальный элемент ввода "Современные подходы к управлению проектированием, информационным взаимодействием", панельная дискуссия
Место проведения временной организации Самара
Дата проведения временной организации 2018
Системный номер авторитетной/нормативной записи 650820
Идентификатор авторитетной/нормативной записи RU\NLR\AUTH\880495400
712 02 - НАИМЕНОВАНИЕ ОРГАНИЗАЦИИ - ВТОРИЧНАЯ ОТВЕТСТВЕННОСТЬ
Код отношения Организатор конференции
Начальный элемент ввода "Гипровостокнефть", институт
Идентифицирующий признак Самара
Системный номер авторитетной/нормативной записи 520510
Идентификатор авторитетной/нормативной записи RU\NLR\AUTH\8810011401
942 ## - ДОПОЛНИТЕЛЬНЫЕ ЭЛЕМЕНТЫ ЗАПИСИ (АБИС)
Тип экземпляра АБИС Книга
980 ## - КОЛЛЕКЦИЯ
Название коллекции НБР
980 ## - КОЛЛЕКЦИЯ
Название коллекции Национальная библиография

Нет доступных экземпляров.